[Event "Campobasso op 12th"]
[Site "Campobasso"]
[Date "2005.07.09"]
[Round "4"]
[White "Gojani, Mentor"]
[Black "Cordi, Domenico"]
[Result "1-0"]
[WhiteElo "1869"]
[BlackElo "2086"]
[PlyCount "73"]
[EventDate "2005.07.08"]
[EventType "swiss"]
[EventRounds "6"]
[EventCountry "ITA"]
[SourceTitle "EXT 2007"]
[Source "ChessBase"]
[SourceDate "2006.11.23"]
[SourceVersion "1"]
[SourceVersionDate "2006.11.23"]
[SourceQuality "1"]

1. d4 Nf6 2. Bg5 e6 3. e3 h6 4. Bh4 d5 5. Nf3 Be7 6. Bd3 0-0 7. 0-0 Nbd7 8. c3 c5 9. Bxf6 Bxf6 10. dxc5 Nxc5 11. Bc2 b6 12. Na3 a6 13. Rc1 Bb7 14. b4 Ne4 15. Nd4 Re8 16. Nb1 Rc8 17. f3 Nd6 18. Qd3 g6 19. Bb3 b5 20. a4 bxa4 21. Bxa4 Re7 22. Nb3 Nc4 23. Nc5 Bc6 24. Bxc6 Rxc6 25. Nd2 Nxd2 26. Qxd2 Qb6 27. Ra1 Ra7 28. Ra5 Be7 29. Nb3 Rac7 30. Rc1 Rxc3 31. Rxc3 Rxc3 32. Qxc3 Bxb4 33. Rxa6 Qxa6 34. Qxb4 Qd3 35. Kf2 h5 36. Nd4 h4 37. Qb8+ 1-0